| 000 | 00983cam a2200229 4500 | ||
|---|---|---|---|
| 001 | X118066 | ||
| 008 | 020521n2002 000 0 eng u | ||
| 035 | _a(Sirsi) u118066 | ||
| 100 | _aMedhurst, N | ||
| 245 | _aPRS-massive opportunities | ||
| 260 | _c2002 | ||
| 490 |
_aProperty Forecast _v5(5) May 2002, 8-9(2) |
||
| 520 | _aAssesses the private rented sector (PRS) market in the light of a potential demand of nearly 70 000 rental housing units per year into the foreseeable future. Analyses the demographics of demand for a new generation of rented homes, flagging up the single person household and active and elderly retirement markets with a geographic bias towards London,southeast and southern England. | ||
| 650 | _aRESIDENTIAL RENTAL MARKET | ||
| 650 | _aPRIVATE RENTED SECTOR | ||
| 650 | _aPRS | ||
| 650 | _aRESIDENTIAL MARKET | ||
| 650 | _aSINGLE PERSON HOUSEHOLDS | ||
| 650 | _aRETIREMENT MARKET | ||
| 690 | _aHOUSING-PRIVATE RENTED SECTOR | ||
| 942 | _n0 | ||
| 999 |
_c70305 _d70305 |
||